[Event "EU-ch 13th"]
[Site "Plovdiv"]
[Date "2012.03.30"]
[Round "10"]
[White "Cheparinov, Ivan"]
[Black "Sjugirov, Sanan"]
[Result "0-1"]
[WhiteElo "2664"]
[BlackElo "2610"]
[Annotator "Krasenkow,M"]
[PlyCount "150"]
[EventDate "2012.03.20"]
[EventType "swiss"]
[EventRounds "11"]
[EventCountry "BUL"]
[SourceTitle "CBM 148"]
[Source "ChessBase"]
[SourceDate "2012.05.16"]
[SourceVersion "1"]
[SourceVersionDate "2012.05.16"]
[SourceQuality "1"]

1. d4 Nf6 2. c4 e6 3. g3 d5 4. Nf3 Bb4+ 5. Bd2 Be7 6. Bg2 O-O 7. O-O c6 8. Qc2
b6 9. Rd1 Nbd7 10. Bf4 Ba6 11. b3 Rc8 12. Nc3 Qe8 13. e4 dxc4 14. Nb1 {A rare
move in this well-known theoretical position. It should not create any
problems for Black; as well as the other continuations, though:} (14. h3 Bb4
15. Nd2 e5 16. Be3 {1/2 Gritsak,O (2537)-Izoria,Z (2602)/Warsaw 2005/CBM 108 
(49)} Qe6 $15 {Z.Izoria}) (14. Bh3 Bb4 $1 15. Nd2 c5 16. Bd6 cxd4 17. Bxb4 dxc3
18. Bxf8 cxd2 19. Bb4 cxb3 20. Qxb3 Nxe4 $15 {1/2 Vasilevich,T (2414)-Arabidze,
M (2292)/Rijeka 2010/CBM 135 Extra (35)}) (14. Nd2 e5 $1 15. dxe5 Ng4 16. Nxc4
Bxc4 17. bxc4 Bc5 $1 18. Rd2 Ndxe5 19. Na4 {1/2 Ftacnik,L (2576)-Landa,K (2623)
/Kaskady 2002/CBM 090 (76)} Bxf2+ 20. Rxf2 Nxf2 21. Kxf2 Rd8 $44) (14. bxc4
Bxc4 15. Nd2 Ba6 16. Qa4 Bd3 17. Nb3 Bc2 18. Rdc1 Bd3 19. Rd1 Bc2 20. Rdc1 Bd3
$1 {1/2 Vidit,S (2492)-Sjugirov,S (2629)/Chennai 2011/CBM 143 Extra}) 14... b5
15. bxc4 bxc4 16. Nc3 $146 {[%mdl 8]} (16. a4 Bb4 17. Nbd2 Qe7 {[%cal Yc6c5]}
18. Bg5 c3 19. Nb1 h6 20. Bxf6 Nxf6 21. Nxc3 Bxc3 22. Qxc3 Be2 23. Rdc1 Nxe4
$15 {1/2 David,A (2622)-Parligras,M (2574)/Rethymnon 2010/CBM 137 Extra (32)})
16... Bb4 (16... Nb6 {didn't bring Black equality in a later game:} 17. a4 h6
18. Rab1 Bd8 19. Qa2 Nbd7 20. a5 Bc7 21. Bxc7 Rxc7 22. Nd2 e5 23. Nxc4 $14 {
1/2 Rusev,K (2516)-Yemelin,V (2567)/Skopje MKD 2012/The Week in Chess 910 (45)}
) (16... Qd8 $1 {[%cal Yd8a5] should be checked. At least} 17. d5 cxd5 18. exd5
exd5 19. Nxd5 Nxd5 20. Rxd5 Bb7 21. Rdd1 Bf6 22. Rab1 Bc6 {looks OK for Black.}
) 17. Rab1 Bxc3 18. Qxc3 Nxe4 $2 {This move doesn't work, and Black suffers
material losses.} (18... c5 $1 19. Qa5 (19. d5 Nxe4 20. Qa5 c3 $13) 19... c3 $1
20. Qxc3 Nxe4 21. Qa5 Bc4 $1 22. Nd2 $1 Nxd2 23. Rxd2 $36) 19. Qa5 {[%csl Ra6]}
Bb5 (19... c3 20. Re1 $1 Bd3 21. Rbd1 Nd2 22. Qxc3 Nxf3+ 23. Bxf3 Bb5 24. Bd6
$18) 20. a4 (20. Re1 $1 f5 21. a4 $16) 20... Bxa4 (20... Qd8 21. Qxd8 Rfxd8 22.
axb5 cxb5 23. Rdc1 $1 $16 {[%csl Gf4,Gg2]}) 21. Qxa4 Nc3 22. Qxc4 Nxd1 23. Bd6
Nxf2 24. Kxf2 Qd8 25. Rb7 (25. Bxf8 $142 Kxf8 26. Rb7 {, and White's piece is
clearly stronger than Black's 3 pawns.}) 25... Re8 26. Ne5 Nxe5 27. dxe5 Qg5
28. Qf4 {There was no need to go to an endgame, where Black's rook can become
powerful.} (28. Qc2 $142 {[%cal Yg2e4]} Qf5+ $2 29. Qxf5 exf5 30. Bf1) 28...
Qxf4+ 29. gxf4 a5 $1 30. Rb6 a4 31. Ke3 {Perhaps it was worth trying} (31. Bxc6
Red8 32. Ke2 $1 {[%cal Yb6a6]} ({but not} 32. Bxa4 Rc4) (32. Ke3 a3 $1 33. Bxa3
Rb8 {forces the exchange of rooks, after which a draw is quite obvious.}) 32...
a3 33. Bxa3 Rb8 34. Ra6 Rb3 35. Be7 Rdb8 36. Bd6 Rb2+ (36... R3b6 37. Ra7) 37.
Kf3 R8b3+ 38. Kg4 {although Black should hold on here.}) 31... a3 32. Rb1 Red8
33. Ra1 Ra8 34. Bxc6 Ra6 35. Bb5 Ra7 36. Rxa3 Rxa3+ 37. Bxa3 {Finally White
has had to exchange rooks, and the game should end in a draw. But...} Rb8 38.
Bc4 Rb1 39. Kf3 Rh1 40. Kg3 Rg1+ 41. Kf2 $4 {[%mdl 8192] A blunder. Black now
unexpectedly wins the f4-pawn and obtains winning chances.} (41. Kf3 $11) 41...
Ra1 $1 42. Be7 Ra4 43. Be2 Rxf4+ 44. Bf3 Ra4 45. Kg3 Ra7 46. Bd8 Rd7 47. Bg5
Rc7 48. Be3 Rc3 49. Bd4 Rc4 50. Be3 Ra4 51. h4 f6 52. exf6 $2 (52. Bf4 $1 Ra5
53. Be4 fxe5 54. Be3 {with more chances to construct a fortress.}) 52... gxf6 {
[%csl Ge6,Gf6] It is hard to say whether White can hold this position but in
the game he failed to do it:} 53. Bc6 Ra3 54. Kf2 Kf7 55. Be4 f5 56. Bc6 e5 57.
Bg5 Ke6 58. Bg2 Ra4 59. Kf1 Ra2 60. Kg1 Rb2 61. Kf1 e4 62. Bf4 Kd5 63. Bh6 Rb6
64. Bf4 Kd4 65. Kf2 Rb2+ 66. Kg3 e3 67. Bf3 Kd3 68. Bd6 Rb6 69. Bc7 Rb4 70. h5
Rb1 71. Kf4 Rf1 72. Bd8 e2 73. Ba5 Kc4 74. h6 Kc5 75. Bc3 Kd6 0-1

[Event "FIDE World Cup"]
[Site "Baku"]
[Date "2015.09.15"]
[Round "2.2"]
[White "Topalov, Veselin"]
[Black "Zhigalko, Sergei"]
[Result "1-0"]
[WhiteElo "2816"]
[BlackElo "2656"]
[Annotator "Krasenkow,M"]
[PlyCount "135"]
[EventDate "2015.09.11"]
[EventType "k.o."]
[EventRounds "7"]
[EventCountry "AZE"]
[SourceTitle "CBM 169"]
[Source "ChessBase"]
[SourceDate "2015.11.10"]
[SourceVersion "1"]
[SourceVersionDate "2015.11.10"]
[SourceQuality "1"]

1. d4 Nf6 2. c4 e6 3. Nf3 b6 4. g3 Ba6 5. b3 Bb4+ 6. Bd2 Be7 7. Nc3 O-O 8. Bg2
c6 9. e4 d5 {This position was the subject of a major theoretical discussion
between Levon Aronian and Sergey Karjakin: it happened in 3 games between
those players, which were annotated in CBM 151, 155, and 159.} 10. Qe2 ({
Levon Aronian played} 10. exd5 {in the above-mentioned games. I condemned the
text move in CBM 151 but Topalov seems to have a different opinion.}) 10... b5
$1 (10... Nbd7 11. e5 Ne8 12. O-O Nc7 13. a4 Re8 14. Rfe1 Nf8 15. h4 Qd7 16.
Red1 Red8 17. Be3 Rab8 18. Rdc1 (18. Ne1 $5 {[%cal Ye2g4,Ye1c2]}) 18... Rbc8
19. Kh2 Qe8 20. Ne1 Qd7 21. Nc2 dxc4 22. bxc4 Nd5 23. Bd2 Nxc3 24. Bxc3 c5 $11
{1/2 (32) Jussupow,A (2610)-Spraggett,K (2575) Quebec 1989}) (10... c5 11. dxc5
(11. exd5 exd5 12. O-O Nc6 13. dxc5 (13. Be3 $5 {[%cal Ya1d1]}) 13... Bxc5 14.
Bg5 Re8 15. Qc2 Nb4 16. Qb1 dxc4 17. Rd1 Qe7 18. bxc4 Bxc4 19. a3 Na6 $13 {
0-1 (56) Tukmakov,V (2575)-Ehlvest,J (2445) Minsk 1987}) 11... Bxc5 12. e5 Ne8
(12... Nfd7 $5 13. O-O Nc6 {[%cal Yc5e7,Yd7c5] V.Gavrikov} 14. Rad1 $36 {
[%cal Yd2f4]}) 13. O-O Nc6 14. Rfd1 Nc7 15. Bg5 (15. Bf4 Qe7 16. Qc2 h6) 15...
Be7 16. Qe3 Nxe5 17. Qxe5 f6 18. Qe1 fxg5 19. cxd5 exd5 20. Nxd5 Nxd5 21. Qe6+
Kh8 22. Rxd5 (22. Ne5 Qe8 23. Bxd5 Bf6 24. Qxe8 Raxe8 25. Nf7+ Rxf7 26. Bxf7 {
1/2 (26) Gavrikov,V (2550)-Lerner,K (2520) Riga 1985}) 22... Qe8 23. Nxg5 h6 {
1/2 (39) Perez,J (1924)-Fages,J (1892) IECG 2002} 24. Ne4 Bc8 25. Qe5 Bb7 26.
Rd4 $14) 11. e5 (11. exd5 $2 exd5 12. cxb5 cxb5 13. Nxb5 Ba3 $1 14. Bf1 Re8 15.
Be3 (15. Ne5 Bb2 16. Rd1 Bxd4 17. f4 Nfd7 18. Nxd4 Nxe5 19. fxe5 Bxe2 20. Bxe2
Rxe5 {0-1 (20) Tukmakov,V (2575)-Chernin,A (2570) Moscow 1987}) 15... Qa5+ 16.
Kd1 Nc6 17. Ne5 Nxe5 18. dxe5 Ne4 $19 {-> 0-1 (48) Gustafsson,J (2634)
-Zhigalko,A (2568) Warsaw 2008}) 11... Ne8 {[%csl Re8]} ({I still believe that
} 11... Nfd7 $1 {is more appropriate. White must play} 12. cxb5 cxb5 {anyway,
and the b8-knight comes out to c6. In the following correspondence game Black
obtained an excellent position, and it would be interesting to see what
Veselin Topalov had prepared here:} 13. Qe3 b4 14. Ne2 Qb6 15. Rc1 Nc6 16. O-O
Bxe2 17. Qxe2 Nxd4 18. Nxd4 Qxd4 19. Rc7 Rad8 20. Rfc1 Rfe8 21. Be3 Qxe5 22.
Qb5 Nf6 23. Rxa7 Bd6 $15 {0-1 (53) Simon,H (2141)-Van Seben,E (2239) IECG 2007}
) 12. cxb5 cxb5 13. Qe3 (13. Nxb5 $2 Qb6 14. a4 Nc7 15. Bf1 Nc6 {[%csl Rd4]})
13... Nc6 (13... b4 14. Na4 (14. Ne2 $6 Nc6 15. Nf4 Qb6 16. Nd3 Nc7 17. Rc1 Nb5
$17 {0-1 (35) Dydyshko,V-Ivanov,A Minsk 1985}) 14... Nc6 15. Bf1 Qa5 16. Bd3 (
16. Nb2 Rc8 17. Bd3 Bxd3 18. Qxd3 f6 19. O-O Nc7 20. a3 Qb5 21. axb4 Bxb4 $11 {
1/2 (32) Atakisi,F (2512)-Lepikhov,A (2610) ICCF Email 2001}) 16... Rc8 (16...
Nc7 $5) 17. Rc1 $5 $36 (17. O-O $143 Bxd3 18. Qxd3 Nc7 19. Bg5 h6 20. Bxe7 Nxe7
21. a3 bxa3 22. Rxa3 Na6 $15 {0-1 (40) Atakisi,F (2523)-Teichmeister,S (2530)
ICCF 2002})) 14. Bf1 {[%mdl 32] A typical manoeuvre in this structure: White's
bishop is more active on d3 than on g2.} Rc8 15. Bd3 Nc7 16. Rc1 Ba3 $5 17. Rd1
Be7 18. h4 b4 19. Ne2 Bxd3 {A premature exchange, after which Black's
c7-knight becomes his headache for quite a while.} (19... Nb5 $5 $132 {[%cal
Yd8b6]}) 20. Qxd3 f5 (20... a6 {[%cal Yc7b5]} 21. Ng5 g6 22. Kf1 {, and the
weakness of Black's kingside promises White a strong attack} ({but} 22. Nxh7 $6
Kxh7 23. h5 {is premature due to} Rh8 $1)) 21. Rc1 Qd7 22. Bg5 h6 23. Bd2 a6
24. Rg1 Nb5 {Black has finally managed to activate his knight but White has
prepared an attack in the meantime.} 25. g4 $1 {[%mdl 128]} f4 ({The position
after} 25... fxg4 26. Rxg4 h5 27. Rg6 {is hardly satisfactory for Black but
the text move doesn't help him either.}) 26. g5 $1 hxg5 27. Qg6 Bd8 28. Rxg5 $1
Qf7 29. Qxf7+ Kxf7 30. Bxb4 Be7 31. Bxe7 Nxe7 32. Rxc8 Rxc8 33. Rg4 Nf5 34.
Rxf4 {White has won two pawns and easily converts his advantage.} Rc2 35. Ng3
Rxa2 (35... g6 36. a4 Nc7 37. h5) 36. Nxf5 exf5 37. Rxf5+ Ke6 38. Rf4 Ra1+ 39.
Kd2 Ra2+ 40. Ke3 Ra3 41. Ng5+ Kd7 42. Rf7+ Kc6 43. Rxg7 Rxb3+ 44. Kf4 Nxd4 45.
Rg6+ Kc5 46. Rxa6 Rb4 47. h5 Nc6+ 48. Kf5 Rh4 49. f4 Rxh5 50. Ra1 d4 51. Ke4 d3
52. Rc1+ Kb5 53. Kxd3 Nxe5+ 54. fxe5 Rxg5 55. Ke4 $18 {_|_} Rg2 56. e6 Kb6 57.
Ke5 Kb7 58. e7 Re2+ 59. Kf6 Rf2+ 60. Ke6 Re2+ 61. Kf7 Rf2+ 62. Ke8 Rf3 63. Rc4
Rf1 64. Kd7 Rd1+ 65. Ke6 Re1+ 66. Kd6 Kb6 67. Rb4+ Ka7 68. Rb5 1-0

[Event "Moscow Aeroflot op-A"]
[Site "Moscow"]
[Date "2007.02.22"]
[Round "9"]
[White "Bologan, Viktor"]
[Black "Ivanov, Alexander"]
[Result "1-0"]
[WhiteElo "2658"]
[BlackElo "2577"]
[Annotator "Krasenkow,M"]
[PlyCount "100"]
[EventDate "2007.02.14"]
[EventType "swiss"]
[EventRounds "9"]
[EventCountry "RUS"]
[SourceTitle "CBM 117"]
[Source "ChessBase"]
[SourceDate "2007.03.30"]
[SourceVersion "1"]
[SourceVersionDate "2007.03.30"]
[SourceQuality "1"]

1. d4 Nf6 2. c4 e6 3. Nf3 b6 4. g3 Ba6 5. Qc2 c5 6. d5 exd5 7. cxd5 Bb7 8. Bg2
{You can find a review by GM Evgeny Postny on this line in CBM 116.} Nxd5 9.
O-O Be7 10. Rd1 Nc6 11. Nc3 $1 $146 {[%mdl 8]} (11. Qf5 {lead to Black's
advantage in the following famous game:} Nf6 12. e4 g6 13. Qf4 O-O 14. e5 Nh5
15. Qh6 Nd4 16. Nxd4 Bxg2 17. Kxg2 cxd4 18. g4 Rc8 19. Rxd4 Ng7 20. Nc3 f5 21.
Qd2 Bc5 22. Rxd7 Qh4 23. Nd5 Qxg4+ 24. Kf1 $17 Qh3+ 25. Kg1 Qg4+ 26. Kf1 Qh3+
27. Kg1 Qg4+ {1/2-1/2 Aronian,L-Leko,P/Moscow 2006/EXT 2007}) 11... Nxc3 12.
bxc3 O-O (12... d6 $5 13. Ne5 Qc7 {looks more accurate, although after} 14. Nc4
O-O 15. Bf4 Rad8 16. Ne3 {White has a good compensation for the pawn anyway.})
13. Ne5 Nxe5 14. Bxb7 Rb8 15. Be4 $44 {White's bishop pair and pressure along
the d-file fully compensates his material deficit.} g6 16. Qa4 {After this
"soft" move the position equalizes.} (16. f4 $5 Nc4 17. Bd5 Nd6 18. e4 $36)
16... Qc7 17. Rb1 Bf6 18. Bf4 d6 19. c4 Rfd8 20. Rb3 Rbc8 21. h4 h5 22. Ra3 Rd7
23. Bg2 Re7 24. Qb5 $6 {A wrong way.} (24. Qc2 $142) 24... Rd8 25. Bd5 Kg7 26.
Bc1 Qd7 $1 {That's the point! White must exchange queens and Black obtains
some chances to convert his extra pawn in the endgame.} 27. Qxd7 (27. Qb1 $2
Qh3 28. Bg2 Qg4) 27... Rdxd7 28. Rb3 Rc7 29. e3 (29. Bf4 $5) 29... Nc6 30. a3
Be5 31. f4 Bf6 32. Bd2 Red7 33. Be1 Ne7 34. Bg2 Nf5 35. a4 Re7 36. Kf2 Re8 37.
Kf3 Rce7 38. Bf2 Re4 39. Bf1 R4e6 40. Rd2 Re4 41. Ra2 d5 $5 42. cxd5 c4 43.
Rba3 c3 44. Re2 Nd6 {Starting a long way astray...} (44... Rb4 $5 45. Rc2 {
[%cal Yc2c3]} Rd8 46. e4 Nd4+ 47. Bxd4 Bxd4 $15) 45. Rc2 {[%cal Yf1d3]} (45.
Be1 $6 Nc4 46. Rxc3 Bxc3 47. Bxc3+ f6 $17) 45... Nc4 46. Bxc4 Rxc4 47. Be1 Rc5
{Unfortunately, the further moves are scored incorrectly in the tournament
database. Here is how probably the game continued:} 48. e4 Rxd5 49. Raxc3 Rd7
$6 (49... Rd1 50. Re3 Be7 $11) 50. e5 Bd8 $14 {... White has already a space
advantage and eventually he managed to win the game.} 1-0

[Event "Grand Slam Final 5th"]
[Site "Sao Paulo/Bilbao"]
[Date "2012.09.24"]
[Round "1"]
[White "Aronian, Levon"]
[Black "Karjakin, Sergey"]
[Result "1-0"]
[WhiteElo "2816"]
[BlackElo "2778"]
[Annotator "Krasenkow,M"]
[PlyCount "59"]
[EventDate "2012.09.24"]
[EventType "tourn"]
[EventRounds "10"]
[EventCountry "BRA"]
[EventCategory "22"]
[SourceTitle "CBM 151"]
[Source "ChessBase"]
[SourceDate "2012.11.13"]
[SourceVersion "1"]
[SourceVersionDate "2012.11.13"]
[SourceQuality "1"]

1. d4 Nf6 2. c4 e6 3. Nf3 b6 4. g3 Ba6 5. b3 Bb4+ 6. Bd2 Be7 7. Nc3 O-O 8. Bg2
c6 9. e4 d5 10. exd5 (10. Qe2 $6 {is poor due to} b5 $1 11. e5 (11. exd5 $2
exd5 12. cxb5 cxb5 13. Nxb5 Ba3 $1 14. Bf1 Re8 15. Ne5 Bb2 16. Rd1 Bxd4 $19 {
0-1 Tukmakov,V (2575)-Chernin,A (2570)/Moscow 1987/CBM 004 (20)}) 11... Nfd7 $1
12. cxb5 cxb5 13. Qe3 (13. Nxb5 $2 {again doesn't work due to} Ba3 $1 {[%csl
Rb5]}) 13... b4 14. Ne2 Qb6 15. Rc1 Nc6 $15 {0-1 Simon,H (2141)-Van Seben,E 
(2239)/IECG 2007/Telechess CBM 129 (53)}) 10... cxd5 (10... exd5 {[%csl Rb8]
gives White good compensation for the pawn after} 11. O-O $1 (11. Qe2 $2 b5 $1)
11... dxc4 12. Re1 {e.g.} Re8 13. bxc4 Bxc4 14. Ne5 Qxd4 15. Bg5 $1 Qxc3 16.
Rc1 Qa5 17. Rxc4 h6 18. Ra4 Qc5 19. Qb3 Rf8 20. Bxf6 Bxf6 21. Nxf7 $16 {
1-0 Szabo,V (2328)-Baranowski,T (2310)/Lechenicher SchachServer 2009/Telechess
CBM 141 (55)}) 11. Ne5 Nfd7 $6 $146 (11... Bb7 12. O-O Nc6 {is probably more
appropriate. In the following correspondence game Black equalised:} 13. Bg5 Rc8
14. Rc1 h6 15. Bf4 Ba3 16. Rc2 a6 17. Nxc6 Bxc6 18. cxd5 Nxd5 19. Nxd5 Bxd5 20.
Rxc8 Qxc8 21. Bxd5 exd5 22. Re1 Re8 $11 {1/2 Dutra,A (2448)-Alpert,A (2422)/
ICCF WS 2006/ICCF CBM 132 (47)}) 12. O-O $1 (12. cxd5 $2 Nxe5 13. dxe5 Nd7 $1 {
[%csl Re1]}) 12... Nxe5 13. dxe5 Nd7 14. Re1 dxc4 $1 {Black must sacrifice the
exchange. The weakness of the light squares in White's camp gives him decent
compensation.} (14... d4 15. Nb5 $1) 15. Bxa8 Qxa8 16. Bh6 $5 Rd8 17. Qg4 Bf8
18. Rad1 (18. Ne4 cxb3 19. axb3 Bb7 $44) 18... Nc5 (18... cxb3 $1 {was
possible. After} 19. Bg5 (19. axb3 Bb7 20. Bg5 Bf3 21. Qf4 Bxd1 22. Rxd1 f6 23.
exf6 Nxf6 24. Bxf6 Rxd1+ 25. Nxd1 gxf6 26. Qxf6 Qd5 $11) 19... Nxe5 $1 (19...
Rc8 $143 20. Rxd7 Rxc3 21. Qf4 Qf3 22. Qxf3 Rxf3 23. axb3 Rxb3 24. Rxa7 $16)
20. Rxe5 Rxd1+ 21. Qxd1 b2 {, despite White's extra rook, Black has sufficient
counterplay, e.g.} 22. Re1 Qc6 23. Qb3 (23. Bd2 Bb7 24. f3 b5 $1) 23... h6 $1
24. Bd2 Bb7 25. Ne4 f5 26. Qxb2 fxe4 27. Rc1 Qd7 28. Be3 Bd5 {, and Black
should not lose.}) {After the text move White can regain a pawn keeping an
extra exchange. However, it is not easy to find the correct move order.} 19.
bxc4 $6 (19. Rxd8 $1 Qxd8 20. bxc4 Bb7 {- game} ({but not} 20... Qd3 $2 21. Rd1
$1 Qxc3 $2 22. Qxg7+ $1 Bxg7 23. Rd8+ Bf8 24. Rxf8#)) 19... Bb7 (19... Nd3 $142
$1 20. Re4 $1 (20. Re3 $143 Nb2) 20... Bb7 21. Re3 Nb4 22. Rxd8 Qxd8 23. Ne4 $1
Nc2 $1 24. Nf6+ Kh8 25. Rc3 Qd4 $1 26. Rxc2 Qxe5 27. Qe2 Qxf6 $14) 20. Rxd8
Qxd8 {Of course, it is still very difficult for White to convert his material
advantage.} 21. Rd1 $6 (21. Nb5 $142 $1 {[%cal Yb5d6]} Qa8 22. Re3 $16) 21...
Qc7 22. Bf4 Qc6 23. f3 Nd7 $2 {Missing a brilliant tactical blow:} (23... Nd3
$1 {[%mdl 64]} 24. Rxd3 Qxc4 25. Rd8 Ba6 26. h4 Qf1+ 27. Kh2 Qf2+ $11) 24. Ne4
$16 {White is now in full control of the position.} Qa4 $2 {This loses at once.
} (24... Qc8 $142 25. Nf6+ (25. Rxd7 $6 Bxe4) 25... Nxf6 26. exf6 $16) 25. Rxd7
Bxe4 26. Rd8 Bg6 (26... Bc6 27. Bh6 Be8 28. Qg5 $1 $18 {[%cal Rh6g7]}) 27. Bg5
$2 (27. Be3 $18 {[%cal Yg4d4]}) 27... Qa3 $2 {Both players overlook a
study-like possibility in this seemingly hopeless position:} (27... h6 $3 28.
Qd4 $142 (28. Be7 Bd3 $3 {Should White miss this blow, he would have to play}
29. Rxd3 (29. Rxf8+ $2 Kh7 {with an inevitable perpetual check}) 29... Bxe7 30.
Rd2 {and then try to win this game for a second time}) 28... hxg5 29. Qd6 Kh7
30. Qxf8 Kh6 31. Qd6 Qxc4 32. Rh8+ Bh7 33. Qd2 $1 Qc5+ 34. Kh1 Qxe5 35. h4 f6
36. hxg5+ Kg6 37. gxf6 gxf6 38. Kg2 {, and White should win}) 28. Qd4 h6 29.
Qd6 Kh7 30. Qxf8 1-0

[Event "Dortmund SuperGM 36th"]
[Site "Dortmund"]
[Date "2008.07.05"]
[Round "6"]
[White "Gustafsson, Jan"]
[Black "Leko, Peter"]
[Result "0-1"]
[WhiteElo "2603"]
[BlackElo "2741"]
[Annotator "Krasenkow,M"]
[PlyCount "90"]
[EventDate "2008.06.28"]
[EventType "tourn"]
[EventRounds "7"]
[EventCountry "GER"]
[EventCategory "18"]
[SourceTitle "CBM 125"]
[Source "ChessBase"]
[SourceDate "2008.07.30"]
[SourceVersion "1"]
[SourceVersionDate "2008.07.30"]
[SourceQuality "1"]

{[%mdl 2]} 1. d4 Nf6 2. c4 e6 3. Nf3 b6 4. g3 Ba6 5. Qa4 Bb7 6. Bg2 c5 7. dxc5
bxc5 8. O-O Be7 9. Nc3 O-O 10. Rd1 Qb6 11. Bf4 Rd8 12. Rd2 d6 13. Rad1 Ne8 14.
e4 Bc6 15. Qc2 Qb7 $5 {More accurate than} (15... Nd7 {- see Mamedyarov -
Kramnik in this issue.}) 16. Qb3 {A strategically risky idea (especially as
White was trying to obtain a draw in this game). Doubled pawns will be a
serious defect in his position.} (16. Bg5 f6 17. Be3 Nd7 18. Nd5 Nb6 19. Nxe7+
Qxe7 20. Ne1 e5 21. Nf3 a5 22. Nh4 g6 23. f3 Rab8 24. b3 Nd7 25. Rd3 a4 26. Bh3
axb3 27. axb3 Nf8 28. Qd2 Bd7 29. Bxd7 Nxd7 30. Ng2 Rb7 31. Bh6 Nb8 32. Ne3 Nc6
33. Nd5 Qe6 34. Be3 Ra8 {1/2-1/2 Berdichesky,R-Alvarez,R/email 1999/79
telechess}) 16... Qxb3 17. axb3 f6 $1 $146 {[%mdl 8] In order to meet e4-e5
with ...f6xe5 keeping the d6 pawn.} (17... Nd7 $143 18. e5 $1 dxe5 19. Nxe5
Nxe5 20. Bxe5 Rxd2 21. Rxd2 Bxg2 22. Kxg2 f6 23. Bf4 g5 24. Rd7 $1 Kf8 25. Be3
Rb8 26. Ne4 Rxb3 27. Bxc5 Bxc5 28. Nxc5 Rxb2 29. Nxe6+ Kg8 30. c5 $18 {1-0
Dlugy,M-Berzinsh,R/Liepaja 2006/CBM 113 ext (33)}) 18. Ne1 (18. e5 fxe5 19.
Nxe5 Bxg2 20. Kxg2 Rc8 21. Nf3 Nc6) 18... Nd7 19. Ra1 Rdb8 20. Ra3 Rb7 21. e5
$6 {An unnecessary move. Dynamic equality could be kept by} (21. Nd3 Rab8 22.
Ra6 Rc8 23. Be3 $13) 21... Nxe5 22. Bxe5 Bxg2 23. Bxd6 $6 (23. Bxf6 Bc6 ({or} 
23... gxf6 24. Kxg2) 24. Bxe7 Rxe7 {doesn't solve White's problems but after
the text move he can hardly avoid serious losses.}) 23... Nxd6 24. Kxg2 Nf5 {
[%cal Rf5d4]} 25. Ra6 (25. Nb5 Nd4 $1) (25. Nc2 Nd4 $1) 25... Nd4 26. Nf3 (26.
Nd3 $142) 26... Nxb3 {and Black gradually brought home his extra pawn:} 27. Rd3
e5 28. Rd5 Rd8 29. Rxd8+ Bxd8 {[%mdl 4096]} 30. Rd6 Be7 31. Ra6 Nd4 32. Nxd4
cxd4 33. Nb5 d3 34. Kf1 Bc5 35. Rc6 d2 36. Ke2 Rd7 37. Nc3 Bd4 38. Kxd2 $6 (38.
Nd1 $142 Kf7 39. c5) 38... Bxf2+ 39. Nd5 a5 40. b3 (40. Ra6 Ra7 41. Rxa7 Bxa7 {
is hopeless}) 40... Kf7 41. g4 Rb7 42. Ke2 (42. Kc2 Kg6 $5 43. Nc3 Be1 44. Ne4
Rd7 {[%cal Rd7d4]} 45. Rd6 Rxd6 46. Nxd6 Bb4 47. Ne4 Kf7 {and Black should win}
) 42... Bd4 43. h4 e4 44. h5 Rxb3 45. Rc7+ Ke6 (45... Ke6 46. Rxg7 (46. Re7+
Kd6 47. Rxe4 Kc5) 46... a4 47. Re7+ Kd6 48. Rxe4 Be5 $19) 0-1